Catálogo
 En Linea

Temazcalli : (Registro nro. 41373)

Detalles MARC
000 -CABECERA
campo de control de longitud fija 00859nam a2200193 a 4500
001 - NÚMERO DE CONTROL
campo de control 000041884
005 - FECHA Y HORA DE LA ÚLTIMA TRANSACCIÓN
campo de control 20201002035818.0
008 - DATOS DE LONGITUD FIJA--INFORMACIÓN GENERAL
campo de control de longitud fija 131021s2000 sp a 000 0 spa d
020 ## - NÚMERO INTERNACIONAL ESTÁNDAR DEL LIBRO
Número Internacional Estándar del Libro 8400079981
040 ## - FUENTE DE LA CATALOGACIÓN
Centro catalogador/agencia de origen DO-SdBNP
Lengua de catalogación spa
Centro/agencia transcriptor BNPHU
082 ## - NÚMERO DE LA CLASIFICACIÓN DECIMAL DEWEY
Número de clasificación xxx
Número de documento/Ítem A352t
100 1# - ENTRADA PRINCIPAL--NOMBRE DE PERSONA
Nombre de persona Alcina Franch, José.
9 (RLIN) 68772
245 10 - MENCIÓN DE TÍTULO
Título Temazcalli :
Resto del título higiene, terapéutica, obstetricia y ritual en el nuevo mundo /
Mención de responsabilidad, etc. José Alcina Franch.
260 ## - PUBLICACIÓN, DISTRIBUCIÓN, ETC.
Lugar de publicación, distribución, etc. Sevilla :
Nombre del editor, distribuidor, etc. Escuela de Estudios Hispano-Americanos de Sevilla, Consejo Superior de Investigaciones Científicas,
Fecha de publicación, distribución, etc. 2000.
300 ## - DESCRIPCIÓN FÍSICA
Extensión 241 p. :
Otras características físicas il., maps ;
Dimensiones 20 cm.
490 1# - MENCIÓN DE SERIE
Mención de serie Publicaciones de la escuela de estudios hispano-americanos de la Universidad de Sevilla
Designación de volumen o secuencia 403
504 ## - NOTA DE BIBLIOGRAFÍA, ETC.
Nota de bibliografía, etc. Bibliografía: p. 313-341
830 #0 - PUNTO DE ACCESO ADICIONAL DE SERIE-TÍTULO UNIFORME
Título uniforme Publicaciones de la escuela de estudios hispano-americanos de la Universidad de Sevilla
Número de parte o sección de la obra 403
9 (RLIN) 68773
Existencias
Estado de retiro Estado de pérdida Restricciones de uso No para préstamo Código de colección Localización permanente Ubicación/localización actual Ubicación en estantería Fecha de adquisición Número de inventario Total de préstamos Signatura topográfica completa Código de barras Fecha visto por última vez Precio válido a partir de Tipo de ítem Koha
      Excluido de préstamo Monografías: Libros y Folletos General General En catalogación 21.10.2013 LF1   xxx A352t 41884-10 25.06.2020 25.06.2020 No se presta

Con tecnología Koha